Classic Rock Artists by Clue - Statistics

General Stats
  • This quiz has been taken 66 times
  • The average score is 8 of 20
Answer Stats
Hint Answer % Correct
Hurry Rush
75%
… of Arc, jumbo… Joan Jett
70%
Affirmative Yes
68%
Bar connecting wheels, love flower Axl Rose
64%
Bison, before summer-pasture Buffalo Springfield
61%
Little Stephen, small shaving cuts Stevie Nicks
59%
Little Geoffrey, at his … and call Jeff Beck
52%
Little William, graven image Billy Idol
50%
Little Samuel, viking cartoon Sammy Hagar
48%
Toilet slang, buzzing part of saxophone Lou Reed
36%
Big Robbie flora Robert Plant
34%
… Almighty, metal coil-adolescent Bruce Springsteen
25%
Empress's-realm (as in Nazi Germany) Queensryche
21%
Hack or slice Slash
16%
Thomas trifle Tom Petty
16%
Little Peter, urban boundary Pete Townshend
14%
Auditory-plant patch Soundgarden
14%
Every-male fraternal group Allman Brothers Band
13%
Little Joseph, sounds like 1,2,3 dance Joe Walsh
9%
Jonathan, mist-little Gertrude John Fogerty
9%
No matching quizzes found
Score Distribution
Percent of People with Each Score
Percentile by Number Answered
Your Score History
You have not taken this quiz